01893nam a2200349 i 4500001001000000003000900010005001700019007000300036008004100039040003000080082002500110100006100135245005400196264004500250300004500295336002700340337003300367338002800400490003500428505021400463590002600677650005300703650008000756830004200836910000700878942001400885952014000899952011401039952012101153952025201274999001701526000027296DO-SdBNP20241106092932.0ta110331s1992 dr a r 000 0 spa d aDO-SdBNPbspacBNPHUerda a972.9302 bG216S2221 a García Arévalo, Manuel Antoniod1948-eautor95945710aSanto Domingo en ocasión del Quinto Centenario. aSanto Domingo :bAmigo del Hogar,c1992. a285 páginas :bilustraciones ;c23 cm. ardacontentbtexto2txt ardamediabsin mediación2n ardacarrierbvolumen2nc1 aQuinto CentenarioaEstudiosv9 aCristobal Colón y el descubrimiento de América 21|La conmemoración del Quinto Centenario 55|Hispanidad y migración 109|Arquitectura y turismo 141|Productos de la conquista española 205|Apéndice 275 aInventariado, 2018/BT 4aAméricaxDescubrimiento y exploraciones920820 4aAméricaxDescubrimiento y exploraciones Ensayos, conferencias, etc986783 0aQuinto CentenariopEstudiosn9954371 aDG 2ddccLBS1 00102ddc54708DSaBNPHUbBNPHUcHDd2018-08-28iLF1l0oxxxx G216Sp27296-40r2020-06-25te. 3w2020-06-25yLFDSZPréstamo en sala 0010718PDaPDbPDcHDd2011-03-31iLF1l0oxxxx G216Sp27296-10r2020-06-25w2020-06-25yLFPDZNo se presta 0010718PDaPDbPDcHDd2011-04-06iLF1l0oxxxx G216Sp27296-20r2020-06-25te . 2w2020-06-25yLFPDZNo se presta 00102ddc56708DSaBNPHUbBNPHUcCTd2024-11-06eDonado por la Presidencia de la República Dominicana 2023l0oBNPHU DS 972.9302 G216Sp2024-6325r2024-11-06te.4w2024-11-06yLBS1zPertenecio a la biblioteca personal de Emilio Cordero Michel c26788d26788